000 00529nam a2200169 i 4500
001 81031
003 ES-MaACL
005 20230906174343.0
007 t|
008 041102s1980 sp ||||1| spa d
245 0 0 _aHomenaje a Machado
_b: reunión de Málaga de 1975 /
_cJosé Luis Cano... [et al.].
260 _aMálaga :
_bDiputación Provincial de Málaga,
_c[1980]
300 _a170 p. ;
_c21 cm.
700 1 _aCano, José Luis,
_d1912-1999
_934532
852 _aES-MaACL
_jL-1492
_bR.102189
999 _c81031
_d81031